| 000 | 00651 a2200193 4500 | ||
|---|---|---|---|
| 020 | _a0470018186 | ||
| 020 | _a9780470018187 | ||
| 040 |
_aDLC _bDLC |
||
| 100 | 1 | _aCamarillo, Gonzalo. | |
| 245 | 1 | 4 |
_aThe 3G IP multimedia subsystem (IMS): merging the Internet and the cellular worlds _cGonzalo Camarillo, Miguel A. Garcia-Martin. |
| 250 | _a2nd ed. | ||
| 260 |
_aHoboken, NJ : _bJ. Wiley & Sons, _cc2006. |
||
| 300 |
_a427 p. : _bill. ; _c26 cm. |
||
| 650 | 0 | _aWireless communication systems. | |
| 650 | 0 | _aMobile communication systems. | |
| 650 | 0 | _aMultimedia communications. | |
| 700 | 1 | _aGarcia-Martin, Miguel A. | |
| 942 |
_cBK _k621.382 CAM _2ddc |
||
| 999 |
_c10000 _d10000 |
||